00490nam a2200109Ia 4500008004100000100003100041245016000072260004600232300002000278650001300298856006900311160712s9999 xx 000 0 und d aJamandre, Niel Kenneth F.  cNiel Kenneth F. JamandreaAng Pilosopiya, Pag-usbong, at Problema sa Pagtuturo ng Kursong Communication 3 (sa Filipino) sa Unibersidad ng Pilipinas Diliman c2011bDaluyan: Journal ng Wikang Filipino avol. 17 no. 1-2 xFILIPINO uhttp://journals.upd.edu.ph/index.php/djwf/issue/view/307/showToc